Ładuje się......

Administrative law

Opis bibliograficzny
1. autor: Wade, H. W. R.
Język:English
Wydane: Oxford Clarendon press 1961
Seria:Clarendon law series
Hasła przedmiotowe:
LEADER 00412nam a22001577a 4500
003 OSt
008 090610t xxu||||| |||| 00| 0 eng d
080 |a 342.9(410)  |b WAD 
100 |a Wade, H. W. R.  |9 3750 
245 |a Administrative law 
260 |a Oxford  |b Clarendon press  |c 1961 
300 |a 290p. 
440 |a Clarendon law series  |9 3751 
653 |a Administrative law-Great Britain 
942 |c BK  |6 _ 
999 |c 121777  |d 121777